Super Bowl Half Time Performers - Statistics

General Stats
  • This quiz has been taken 81 times
  • The average score is 31 of 204
Answer Stats
Hint Main Performer % Correct
LIX | LVI Kendrick Lamar
84%
XXVII Michael Jackson
84%
LVI 50 Cent
82%
XXXVIII Janet Jackson
80%
LII | XXXVIII Justin Timberlake
69%
LVII Rihanna
69%
LVI Snoop Dogg
69%
50 | XLVII Beyonce
67%
50 Coldplay
65%
LVI Eminem
63%
LVIII | XLV Usher
63%
LI Lady Gaga
61%
LVI Dr. Dre
59%
XLIX Katy Perry
57%
XLI Prince
55%
50 | XLVIII Bruno Mars
51%
LIV Jennifer Lopez
49%
LV The Weekend
49%
LIII Maroon 5
47%
LIV Shakira
45%
LIX SZA
45%
LVI | XXXV Mary J. Blige
43%
XXVIII Clint Black
39%
XL The Rolling Stones
39%
XXXIX Paul McCartney
35%
XLIII Bruce Springsteen
33%
XLV The Black Eyed Peas
33%
XLIV The Who
33%
XXXVI U2
33%
XXXV Britney Spears
31%
LVIII Lil Jon
31%
XXXV Aerosmith
29%
LIV Bad Bunny
27%
XLVIII Red Hot Chili Peppers
27%
XLVI Nicki Minaj
24%
XXXV NSYNC
24%
XXXIV Christina Aguilera
22%
LVIII Alicia Keys
20%
XLVII Destiny's Child
20%
XLII Tom Petty and the Heart Breakers
20%
LVIII will.i.am
20%
XLVI Cee Lo Green
18%
LVIII Ludacris
18%
XXXVII No Doubt
18%
XXXVIII P. Diddy
18%
XXXIII Stevie Wonder
18%
LIII Travis Scott
18%
XXX Diana Ross
16%
XLIX Missy Elliot
16%
XXXVII Shania Twain
16%
XXVI | XXXIII Gloria Estefan
14%
XLIX Lenny Kravitz
14%
XXXV | XXXVIII Nelly
14%
XXV New Kids on the Block
14%
XXXVII Sting
14%
XXXII Boyz II Men
12%
XLV Slash
12%
XXIX Tony Bennett
12%
LVI Anderson .Paak
10%
LIII Big Boi
10%
XXXIV Enrique Iglesias
10%
XLI Florida A&M University Marching 100 Band
10%
I | II | IX | +3 others Grambling State University Marching Band
10%
XXIX Indiana Jones
10%
XXXI James Brown
10%
XXXVIII Kid Rock
10%
XVII Los Angeles Super Drill Team
10%
XXIX Patti LaBelle
10%
XXXIV Phil Collins
10%
XII Tyler Apache Belles Drill Team
10%
I University of Arizona Symphonic Marching Band
10%
VI U.S. Marine Corps Drill Team
10%
XXXIII Big Bad VooDoo Daddy
8%
LIV J Balvin
8%
XXXII Queen Latifah
8%
XXVIII Tanya Tucker
8%
XLIII The E Street Band
8%
XXXII The Temptations
8%
XXXIV Toni Braxton
8%
XXVIII Travis Tritt
8%
XXVI U.S. Olympic Hockey Team
8%
I | IV | VI | XII Al Hirt
6%
III Florida A&M University Band
6%
XVIII Florida State University Marching Band
6%
LIII Georgia State University Marching Band
6%
LVIII H.E.R.
6%
XLVI LMFAO
6%
XLVI Maddona
6%
XLVI M.I.A.
6%
XXIX Miami Sound Machine
6%
XXXII Smokey Robinson
6%
XXXVIII Spirit of Houston Marching Band
6%
XVIII University of Florida Marching Band
6%
XXII USC Marching Band
6%
XXXIV 80 Person Choir
4%
XLVI Andy Lewis
4%
VII Andy Williams
4%
XLIX Arizona State University Sun Devil Marching Band
4%
XXIX Arturo Sandoval
4%
XXII California State University Northridge Marching Band
4%
XXVI Dorothy Hamill
4%
LVIII Jermaine Dupri
4%
XXXVIII Jessica Simpson
4%
XI Los Angeles Unified All-City Band
4%
50 Mark Ronson
4%
XXXII Martha Reeves
4%
XXIV Nicholls State University Marching Band
4%
XXXVIII Ocean of Soul Marching Band
4%
XXXIII Savion Glover
4%
LVIII Sonic Boom of the South
4%
V Southeast Missouri State Marching Band
4%
IV | XV | XXIV Southern University Marching Band
4%
XII The Apache Band
4%
XXXI The Blues Brothers
4%
XXVIII The Judds
4%
XIX Tops in Blue
4%
VII University Marching Band
4%
50 University of California Marching Band
4%
LII | XXVI University of Minnesota Marching Band
4%
VIII University of Texas Longhorn Band
4%
V | XIV | XX Up With People
4%
X | XVI Up with People
4%
XXIV USL Marching Band
4%
XLVI 200 Person Choir
2%
I Anaheim Highschool
2%
XXVI Brian Boitano
2%
IV | VI Carol Channing
2%
XXII Chubby Checker
2%
XLVI Cirque du Soleil
2%
XXI | XXV Disney Characters
2%
XXIV Doug Kershaw
2%
XXXIV Edward James Olmos
2%
XXIII Elvis Presto
2%
LIV Emme Muniz
2%
XXIV Irma Thomas
2%
XIII Ken Hamilton
2%
IV Lionel Hampton
2%
XXI Mickey Rooney
2%
XII | XXIV Pete Fountain
2%
LII The Tennessee Kids
2%
XXXI ZZ Top
2%
XXII 88 Grand Piano Players
0%
I Ana-Hi-Steppers Drill Team and Flag Girls
0%
V Anita Bryant
0%
XLVI Avon High School Drumline
0%
XIII Caribbean Bands
0%
XXXI Catherine Crier
0%
XLVI Center Grove High School Drumline
0%
XLV Dallas/Ft. Worth-area High School Drill Teams
0%
IV Doc Stevenson
0%
VI Ella Fitzgerald
0%
XLVI Fishers High School Drumline
0%
XLVI Franklin Central High School Drumline
0%
XXI George Burns
0%
XIII Gramacks
0%
50 Gustavo Dudamel
0%
XV Helen O'Connell
0%
VIII Judy Mallett
0%
IV Lairen & Tara
0%
XXV Local Children Audience
0%
IV Marguerite Piazza
0%
XXIX Marion Ravenwood
0%
IX Mercer Ellington
0%
III Miami-Area High School Bands
0%
XXVI Olympic Figure Skaters
0%
XLV Prairie View A&M University Marching Storm
0%
XXII San Diego State University Marching Aztecs
0%
XXI Southern California-area High School drill teams
0%
XLVI Southern University Dancing Dolls
0%
XXIII South Florida-area dancers
0%
XXIX Teddy Pendergrass
0%
XLIII The Miami Horns
0%
XI The New Mousekateers
0%
XXII The Rockettes
0%
VI USAFA Cadet Chorale
0%
XXI USC Marching Bands
0%
XXV Warren Moon
0%
VII Woody Herman
0%
50 Youth Orchestra Los Angeles
0%
No matching quizzes found
Score Distribution
Percent of People with Each Score
Percentile by Number Answered
Your Score History
You have not taken this quiz